00391pab a2200157 454500008004000000100002900040245003300069260000900102300000900111362001000120650002800130650001900158650003100177650001100208773001400219180718b2001 xxu||||| |||| 00| 0 eng d aGangopadhyay, Shubhashis aMr. Sinha gets a high second c2001 ap.12 a1 Mar aFinance, Public - India aPublic finance aBudget - India - 2001-2002 aBudget aTelegraph